[Event "Tourn. n9000"]
[Site "www.chess-mail.com"]
[Date "2016.12.14"]
[Round "1"]
[White "Cersav"]
[Black "Passaroa25"]
[WhiteElo "1499"]
[BlackElo "1520"]
[Result "0-1"]
[Round "1"]
1.e4 c6
2.Qd1h5 e6
3.Bf1c4 Ng8f6
4.Ng1f3 Nf6xh5
5.O-O d6
6.d4 Nh5f6
7.Nb1d2 Bf8e7
8.Bc4e2 O-O
9.Nd2b3 b6
10.Be2d3 Nb8d7
11.Rf1e1 a5
12.a4 Bc8b7
13.e5 Nf6d5
14.c4 Nd5b4
15.Re1d1 d5
16.c5 h6
17.Bd3e2 Nb4c2
18.Ra1a2 g5
19.Rd1d2 Nc2b4
20.Ra2a1 h5
21.Rd2d1 Nb4c2
22.Ra1a2 h4
23.Rd1d2 Nc2b4
24.Ra2a1 f5
25.Rd2d1 g4
26.Nf3e1 Rf8f7
27.f3 Rf7h7
 { time }
0-1

[Event "Tourn. n9073"]
[Site "www.chess-mail.com"]
[Date "2016.12.14"]
[Round "1"]
[White "Azulmarino"]
[Black "Madz123456"]
[WhiteElo "1570"]
[BlackElo "1420"]
[Result "0-1"]
[Round "1"]
1.e4 Ng8f6
2.Nb1c3 d6
3.Bf1c4 g6
4.d3 Bf8g7
5.Bc1e3 Nf6g4
6.b4 Ng4xe3
7.fxe3 Bg7xc3
8.Ke2 e6
9.Ra1b1 d5
10.Ng1f3 dxc4
11.d4 a5
12.bxa5 Ra8xa5
13.h4 Ra5xa2
14.Nf3e5 Nb8c6
15.Ne5xc4 e5
16.Rb1b3 Bc8g4
17.Kd3 Bg4xd1
18.Rh1xd1 Nc6xd4
19.Kxc3 Nd4e2
20.Kb4 Qd8xd1
21.Nc4b2 Qd1d2
22.c3 Ne2xc3
23.Nb2c4 Ra2a4
24.Kc5 Nc3xe4
25.Kb5 Qd2d7
{ resign }
0-1

[Event "Match"]
[Site "www.echecsemail.com"]
[Date "2016.12.14"]
[Round "1"]
[White "Actmy"]
[Black "Cal"]
[WhiteElo "1499"]
[BlackElo "1570"]
[Result "1-0"]
[Round "1"]
1.e4 e5
2.Nb1c3 d6
3.f4 exf4
4.Ng1f3 h6
5.h4 Bc8g4
6.d4 a6
7.Bc1xf4 Ng8f6
8.Qd1d2 Nb8c6
9.O-O-O Bf8e7
10.Bf1e2 Bg4xf3
11.gxf3 Nc6b4
12.a3 Nb4c6
13.h5 Qd8d7
14.Be2c4 Nc6a5
15.Bc4a2 c6
16.b4 b5
17.bxa5 c5
18.dxc5 O-O
19.cxd6 Be7d8
20.Rd1g1 Bd8xa5
21.Bf4xh6 Ba5xc3
22.Qd2xc3 Qd7xd6
23.Bh6xg7 Qd6f4
24.Kb1 Nf6h7
25.Bg7h8 { resign }
1-0

[Event "Match"]
[Site "www.echecsemail.com"]
[Date "2016.12.14"]
[Round "1"]
[White "Cal"]
[Black "Coraza"]
[WhiteElo "1700"]
[BlackElo "1790"]
[Result "0-1"]
[Round "1"]
1.c4 e5
2.e4 Bf8c5
3.Ng1f3 Nb8c6
4.a3 Ng8f6
5.h3 b6
6.Nb1c3 Bc8b7
7.d3 h6
8.Bf1e2 Qd8e7
9.Bc1d2 O-O-O
10.Nc3a4 d6
11.O-O Rd8g8
12.Nf3h4 g6
13.Na4xc5 dxc5
14.b4 Nc6d4
15.Be2g4 Kb8
16.f4 h5
17.Bg4f3 Nf6d7
18.f5 gxf5
19.Nh4xf5 Nd4xf5
20.exf5 Qe7h4
21.Bf3e4 Bb7xe4
22.dxe4 Qh4xe4
23.Bd2c3 Qe4e3
24.Rf1f2 Nd7f6
25.bxc5 Qe3xc3
26.cxb6 cxb6
27.Qd1d6 Kb7
28.Ra1f1 Nf6e8
29.Qd6e7 Ka8
30.Qe7xf7 Qc3xh3
31.Qf7d5 Kb8
32.Qd5xe5 Ne8c7
33.f6 Qh3e6
34.Qe5d4 h4
35.f7 Rg8f8
36.a4 h3
37.g4 h2
38.Kh1 Qe6c6
39.Rf2f3 Nc7e6
40.Qd4c3 Ne6g5
41.Kg2 h1Q
42.Kf2 Qc6xf3
43.Ke1 Qh1xf1
44.Kd2 Ng5e4
{ resign }
0-1

[Event "Match"]
[Site "www.echecsemail.com"]
[Date "2016.12.14"]
[Round "1"]
[White "Tonino1"]
[Black "Geodad5"]
[WhiteElo "2030"]
[BlackElo "2120"]
[Result "1/2-1/2"]
[Round "1"]
1.f4 e6
2.d4 d5
3.e3 Ng8f6
4.Bf1d3 c5
5.b3 cxd4
6.exd4 Nb8c6
7.Bc1b2 Bf8d6
8.g3 Bc8d7
9.Nb1d2 Ra8c8
10.Ng1f3 Nc6b4
11.a3 Nb4xd3
12.cxd3 O-O
13.O-O Bd7b5
14.Nf3e5 Qd8e7
15.Qd1b1 Nf6d7
16.b4 Rc8c7
17.Nd2b3 b6
18.a4 Bb5a6
19.b5 Ba6b7
20.a5 Nd7xe5
21.fxe5 Bd6b4
22.a6 Bb7a8
23.Qb1d1 Rf8c8
24.Ra1c1 Bb4a3
25.Rc1xc7 Rc8xc7
26.Bb2xa3 Qe7xa3
27.Qd1b1 Kf8
28.Rf1c1 Rc7xc1
29.Qb1xc1 Qa3xc1
30.Nb3xc1 f6
31.Nc1e2 Ke7
32.Kf2 Kf7
33.Ke3 Ke7
34.h4 Kf7
35.g4 h6
36.h5 Ke7
37.Ne2f4 Kf7
38.exf6 gxf6
39.Nf4g6 Ke8
40.Kf4 Kf7
41.Kg3 Ke8
42.g5 fxg5
43.Kg4 Kf7
44.Ng6e5 Ke7
45.Ne5f3 Kf6
{ draw }
1/2-1/2

[Event "Match"]
[Site "www.echecsemail.com"]
[Date "2016.12.14"]
[Round "1"]
[White "Jobeye"]
[Black "Pellix84"]
[WhiteElo "1809"]
[BlackElo "2010"]
[Result "0-1"]
[Round "1"]
1.Nb1c3 d5
2.d4 Ng8f6
3.Bc1f4 e6
4.Nc3b5 Nb8a6
5.c3 c6
6.Nb5a3 Qd8b6
7.Qd1c2 Na6c7
8.Ng1f3 g6
9.e3 Bf8g7
10.h3 O-O
11.Bf1d3 Nc7e8
12.b4 a6
13.Ra1b1 Qb6d8
14.g4 Ne8d6
15.Nf3e5 Nf6e4
16.Ne5f3 f5
17.g5 Nd6f7
18.h4 h6
19.gxh6 Nf7xh6
20.Nf3e5 Bg7xe5
21.Bf4xe5 Nh6g4
22.Bd3xe4 fxe4
23.Be5f4 Qd8e7
24.f3 e5
25.Bf4g5 Ng4xe3
26.Bg5xe3 exd4
27.cxd4 Bc8f5
28.f4 a5
29.Qc2g2 Kf7
30.h5 Ke6
31.hxg6 Rf8h8
32.Rh1xh8 Ra8xh8
33.Na3c2 Rh8g8
34.b5 Rg8xg6
35.Qg2h2 Qe7g7
36.bxc6 bxc6
37.Rb1b6 Kd6
38.Rb6a6 Rg6g2
39.Qh2h4 Qg7b7
40.Qh4d8 Bf5d7
41.f5 Qb7b1
42.Be3c1 Qb1xc1
{ resign }
0-1

[Event "1/64 Finale"]
[Site "www.chess-mail.com"]
[Date "2016.12.14"]
[Round "1"]
[White "Fvdp"]
[Black "Amaya"]
[WhiteElo "2360"]
[BlackElo "2080"]
[Result "1-0"]
[Round "1"]
1.e4 e6
2.Qd1e2 b6
3.f4 Bc8b7
4.Ng1f3 Bf8c5
5.d4 Bb7a6
6.c4 Bc5b4
7.Kf2 d5
8.exd5 Ng8e7
9.dxe6 f6
10.Qe2e4 Nb8c6
11.a3 f5
12.Qe4c2 Nc6xd4
13.Qc2a4 Ne7c6
14.axb4 Nd4xf3
15.Qa4xc6 { resign }
1-0

[Event "Fast Game"]
[Site "www.echecsemail.com"]
[Date "2016.12.14"]
[Round "1"]
[White "Hennie4820"]
[Black "Pellix84"]
[WhiteElo "1760"]
[BlackElo "1610"]
[Result "0-1"]
[Round "1"]
1.e4 c5
2.Ng1f3 d6
3.d4 cxd4
4.Nf3xd4 Ng8f6
5.Nb1c3 a6
6.Bf1e2 e5
7.Nd4b3 Bc8e6
8.O-O Bf8e7
9.Bc1e3 O-O
10.f3 Nb8c6
11.Qd1d2 Ra8c8
12.Ra1d1 a5
13.Nc3a4 Nc6b4
14.Na4c3 a4
15.Nb3c1 Qd8a5
16.a3 Nb4a6
17.Nc1d3 b5
18.Nc3d5 Qa5d8
19.Be3b6 Qd8d7
20.Nd5xe7 Qd7xe7
21.Nd3xe5 dxe5
22.Be2xb5 Qe7b7
23.Qd2f2 Rc8xc2
24.Qf2xc2 Qb7xb6
25.Kh1 Qb6xb5
{ resign }
0-1

[Event "Fast Game"]
[Site "www.echecsemail.com"]
[Date "2016.12.14"]
[Round "1"]
[White "Libiesse"]
[Black "Attatroll"]
[WhiteElo "1770"]
[BlackElo "1860"]
[Result "0-1"]
[Round "1"]
1.d4 e5
2.dxe5 Nb8c6
3.Ng1f3 Qd8e7
4.e3 Nc6xe5
5.Nb1c3 Ne5xf3
6.Qd1xf3 c6
7.Bf1d3 Ng8f6
8.O-O d5
9.Bc1d2 Bc8g4
10.Qf3g3 Qe7d6
11.Qg3xd6 Bf8xd6
12.f3 Bg4h5
13.e4 Bd6c5
14.Kh1 O-O
15.e5 Nf6d7
16.f4 Bc5b6
17.h3 f6
18.e6 Nd7c5
19.g4 Bh5e8
20.f5 g6
21.Bd2h6 g5
22.Bh6xf8 Kxf8
23.Ra1e1 Ke7
24.Re1e2 h5
25.Rf1f3 h4
26.a3 Bb6c7
27.b4 Nc5xd3
 { time }
0-1

[Event "Tourn. n9010"]
[Site "www.chess-mail.com"]
[Date "2016.12.15"]
[Round "1"]
[White "Falcoale"]
[Black "Mao"]
[WhiteElo "1670"]
[BlackElo "1730"]
[Result "0-1"]
[Round "1"]
1.e4 e5
2.Ng1f3 Nb8c6
3.Bf1c4 Bf8c5
4.O-O Ng8f6
5.Nb1c3 d6
6.a3 Bc8g4
7.h3 Bg4h5
8.Bc4e2 O-O
9.d3 Rf8e8
10.b4 Bc5b6
11.Bc1g5 h6
12.Bg5h4 g5
13.Nf3xg5 Bh5xe2
14.Qd1xe2 hxg5
15.Bh4xg5 Nc6d4
16.Qe2d1 Nd4e6
17.Nc3d5 Ne6xg5
18.Nd5xb6 axb6
19.f4 exf4
20.Rf1xf4 Ng5e6
21.Rf4f2 Kf8
22.Qd1f3 Qd8e7
23.Ra1f1 Ne6g5
24.Qf3f5 Ng5h7
25.Qf5f4 Qe7e5
26.Qf4h6 Ke7
27.Qh6e3 Re8g8
28.d4 Qe5xe4
29.Qe3xe4 Nf6xe4
30.Rf2xf7 Ke6
31.Rf7xh7 Ra8xa3
32.Rh7xc7 Ra3xh3
33.Rf1e1 d5
34.Rc7xb7 Rh3g3
35.Rb7xb6 Kf5
36.Re1e2 Ne4c3
37.Re2f2 Ke4
38.Rb6b7 Nc3d1
39.Rf2e2 Nd1e3
40.c3 Rg3xg2
41.Re2xg2 Rg8xg2
42.Kh1 Rg2c2
43.b5 Rc2xc3
44.b6 Rc3b3
45.Rb7e7 Kxd4
46.b7 Kd3
47.Re7d7 d4
48.Kh2 Kc3
49.Rd7c7 Ne3c4
50.Kg3 d3
51.Kf2 Rb3b2
52.Kf3 d2
53.Ke2 Rb2b1
{ resign }
0-1

[Event "Tourn. n9111"]
[Site "www.chess-mail.com"]
[Date "2016.12.15"]
[Round "1"]
[White "B0zata"]
[Black "Norlavuaram"]
[WhiteElo "2190"]
[BlackElo "2180"]
[Result "1-0"]
[Round "1"]
1.c4 g6
2.d4 Bf8g7
3.Ng1f3 Ng8f6
4.Bc1f4 O-O
5.Nb1c3 c6
6.e3 d5
7.b4 Nb8d7
8.Bf1e2 Nf6h5
9.Bf4g5 h6
10.Bg5h4 Nh5f6
11.O-O dxc4
12.Be2xc4 Nd7b6
13.Bc4b3 Nb6d5
14.Nc3xd5 Nf6xd5
15.a3 Nd5f6
16.Nf3e5 e6
17.h3 a5
18.f4 axb4
19.axb4 Ra8xa1
20.Qd1xa1 Qd8c7
21.Qa1b1 Nf6d5
22.Bb3xd5 exd5
23.b5 Bc8d7
24.bxc6 Bd7xc6
25.Qb1b4 Rf8a8
26.Rf1b1 Bg7f8
27.Qb4b6 Qc7d6
28.Ne5xc6 bxc6
29.Qb6b7 Ra8c8
30.Qb7xc8 { resign }
1-0

[Event "Tourn. n9104"]
[Site "www.chess-mail.com"]
[Date "2016.12.15"]
[Round "1"]
[White "Greghghs"]
[Black "Goofy"]
[WhiteElo "2290"]
[BlackElo "2300"]
[Result "1/2-1/2"]
[Round "1"]
1.e4 e5
2.Ng1f3 Nb8c6
3.Bf1b5 a6
4.Bb5a4 Ng8f6
5.O-O Bf8e7
6.Rf1e1 b5
7.Ba4b3 O-O
8.c3 d5
9.exd5 Nf6xd5
10.Nf3xe5 Nc6xe5
11.Re1xe5 c6
12.d4 Be7d6
13.Re5e1 Qd8h4
14.g3 Qh4h3
15.Bc1e3 Bc8g4
16.Qd1d3 Ra8e8
17.Nb1d2 Qh3h5
18.Bb3c2 f5
19.f3 Bg4h3
20.Be3f2 Nd5f4
21.gxf4 Bd6xf4
22.Bf2g3 Qh5g5
23.Bc2b3 { draw }
1/2-1/2

[Event "Tourn. n9084"]
[Site "www.chess-mail.com"]
[Date "2016.12.15"]
[Round "1"]
[White "Osopanda"]
[Black "Norlavuaram"]
[WhiteElo "2110"]
[BlackElo "2290"]
[Result "0-1"]
[Round "1"]
1.d4 Ng8f6
2.c4 g6
3.Nb1c3 Bf8g7
4.e4 d6
5.f4 O-O
6.Ng1f3 c5
7.d5 e6
8.dxe6 fxe6
9.Bf1d3 Nb8c6
10.Bc1e3 Nf6g4
11.Be3g1 Rf8xf4
12.Qd1d2 Rf4f8
13.O-O-O Bg7h6
14.h3 Bh6xd2
15.Rd1xd2 Ng4f6
16.Bg1h2 e5
17.Nc3d5 Nc6d4
18.Nf3xd4 cxd4
19.g4 Nf6xd5
20.exd5 Qd8g5
21.Kc2 Bc8d7
22.Rd2g2 Qg5e3
23.h4 Rf8f2
24.Rg2xf2 Qe3xf2
25.Kb3 a5
26.a4 Bd7xg4
27.Bh2g1 Bg4d1
28.Ka3 Qf2d2
29.Rh1h2 Qd2xd3
30.Ka2 Bd1b3
{ resign }
0-1

[Event "Tourn. n9069"]
[Site "www.chess-mail.com"]
[Date "2016.12.15"]
[Round "1"]
[White "Osopanda"]
[Black "Norlavuaram"]
[WhiteElo "2050"]
[BlackElo "2250"]
[Result "1-0"]
[Round "1"]
1.d4 Ng8f6
2.c4 g6
3.Nb1c3 Bf8g7
4.e4 d6
5.f4 O-O
6.Ng1f3 c5
7.d5 b5
8.Bf1d3 b4
9.Nc3e2 Bc8g4
10.Ne2g3 Nb8d7
11.O-O a5
12.Ra1b1 Nf6e8
13.Bd3e2 Ne8c7
14.h3 Bg4xf3
15.Be2xf3 Ra8b8
16.b3 Nd7b6
17.Bc1b2 a4
18.Bb2xg7 Kxg7
19.e5 axb3
20.axb3 Rb8a8
21.Qd1d2 Ra8a3
22.h4 Qd8d7
23.h5 Rf8a8
24.exd6 exd6
25.hxg6 hxg6
26.Qd2e2 Ra3a2
27.Rb1b2 Ra2a3
28.f5 Qd7e8
29.Qe2d2 Qe8e5
30.fxg6 fxg6
31.Ng3e4 Ra3a1
32.Rb2b1 Ra1a2
33.Qd2g5 Qe5d4
34.Kh2 Ra8e8
35.Ne4xd6 Re8e5
36.Qg5g3 Ra2a8
37.Qg3f2 Ra8h8
38.Kg1 Qd4f4
39.g3 Qf4h6
40.Rf1e1 Re5f5
41.Nd6xf5 { resign }
1-0

[Event "Tourn. n9079"]
[Site "www.chess-mail.com"]
[Date "2016.12.15"]
[Round "1"]
[White "Osopanda"]
[Black "Norlavuaram"]
[WhiteElo "2050"]
[BlackElo "2270"]
[Result "0-1"]
[Round "1"]
1.d4 Ng8f6
2.c4 g6
3.Nb1c3 Bf8g7
4.e4 d6
5.f4 O-O
6.Ng1f3 c5
7.d5 b5
8.cxb5 a6
9.Bc1e3 Qd8a5
10.Nf3d2 Nf6g4
11.Be3g1 axb5
12.Bf1xb5 Bg7xc3
13.Bb5e2 Bc3xd2
14.Qd1xd2 Qa5xd2
15.Kxd2 Ng4f6
16.e5 Nf6e8
17.Bg1e3 Ne8c7
18.Be2f3 Bc8b7
19.Rh1d1 Bb7xd5
20.Bf3xd5 Nc7xd5
21.exd6 exd6
22.Kd3 Nd5xe3
23.Kxe3 Rf8d8
24.Ke4 Nb8c6
25.Kd5 Nc6d4
26.a4 Ra8b8
27.a5 Rb8xb2
28.a6 Rb2b8
29.a7 Rb8a8
30.Rd1xd4 cxd4
31.Kxd4 Rd8d7
32.Kd5 Ra8xa7
{ resign }
0-1

[Event "Tourn. n9043"]
[Site "www.chess-mail.com"]
[Date "2016.12.15"]
[Round "1"]
[White "Osopanda"]
[Black "Fabos12"]
[WhiteElo "2060"]
[BlackElo "2110"]
[Result "0-1"]
[Round "1"]
1.Ng1f3 d5
2.d4 Ng8f6
3.c4 Bc8f5
4.Nb1c3 e6
5.cxd5 exd5
6.g3 Bf8b4
7.Bc1d2 Bb4xc3
8.bxc3 Nb8d7
9.Bf1g2 Nf6e4
10.O-O Nd7f6
11.Nf3h4 Bf5g6
12.Nh4xg6 hxg6
13.Bd2e1 Qd8d7
14.f3 Ne4d6
15.e4 dxe4
16.fxe4 Nf6g4
17.Rf1f4 Ng4e3
18.Qd1b3 Ne3xg2
19.Kxg2 Qd7h3
20.Kf3 g5
21.Rf4g4 Qh3f1
22.Ke3 Rh8xh2
23.d5 Qf1e2
24.Kd4 Qe2xg4
25.Qb3a4 Ke7
26.c4 Qg4xe4
{ resign }
0-1

[Event "Tourn. n9090"]
[Site "www.chess-mail.com"]
[Date "2016.12.15"]
[Round "1"]
[White "B0zata"]
[Black "Osopanda"]
[WhiteElo "2250"]
[BlackElo "2010"]
[Result "1-0"]
[Round "1"]
1.Ng1f3 Ng8f6
2.d4 d5
3.e3 e6
4.Bf1d3 Bf8e7
5.O-O O-O
6.c4 c6
7.Nb1c3 Nb8d7
8.e4 dxe4
9.Nc3xe4 Nf6xe4
10.Bd3xe4 Nd7f6
11.Be4c2 Qd8c7
12.Rf1e1 Rf8d8
13.Bc1g5 Bc8d7
14.Qd1d3 g6
15.Nf3e5 Bd7e8
16.Qd3f3 Nf6h5
17.Bg5e3 f6
18.Ne5g4 f5
19.Ng4e5 f4
20.Be3xf4 Nh5xf4
21.g3 Nf4h3
22.Kg2 Nh3g5
23.Qf3e3 c5
24.d5 exd5
25.cxd5 Rd8xd5
26.Bc2b3 { resign }
1-0

[Event "Tourn. n8959"]
[Site "www.chess-mail.com"]
[Date "2016.12.15"]
[Round "1"]
[White "Ejner"]
[Black "Gimmyg"]
[WhiteElo "2430"]
[BlackElo "2500"]
[Result "0-1"]
[Round "1"]
1.d4 Ng8f6
2.c4 g6
3.Nb1c3 d6
4.e4 Bf8g7
5.Bf1e2 O-O
6.Ng1f3 b6
7.d5 Nb8a6
8.O-O Na6c5
9.Qd1c2 a5
10.Bc1e3 Nf6g4
11.Be3d4 e5
12.dxe6 fxe6
13.Bd4xg7 Kxg7
14.h3 Ng4h6
15.e5 Bc8b7
16.Ra1d1 Bb7xf3
17.Be2xf3 Rf8xf3
18.gxf3 Qd8g5
19.Kh1 Qg5h4
20.Kg2 Qh4g5
21.Kh1 Ra8f8
22.Rf1g1 Qg5xe5
23.Qc2e2 Qe5xe2
24.Nc3xe2 Rf8xf3
25.Kg2 Rf3f8
26.Ne2g3 Rf8f4
27.b3 e5
28.Rg1e1 Rf4h4
29.Re1e3 Nc5e6
30.Ng3e2 Nh6f5
31.Re3c3 g5
32.a3 Nf5d4
33.Ne2xd4 exd4
34.Rc3g3 c5
35.Kh2 Rh4e4
36.b4 Kf6
37.bxa5 bxa5
38.Rd1d2 Ne6f4
39.h4 gxh4
40.Rg3g4 h5
41.Rg4g8 d3
42.Rg8f8 Ke5
43.Rf8e8 Kd4
44.Re8xe4 Kxe4
45.Kg1 Kd4
46.Kf1 Kxc4
47.f3 Kd4
{ resign }
0-1

[Event "Tourn. n9111"]
[Site "www.chess-mail.com"]
[Date "2016.12.15"]
[Round "1"]
[White "B0zata"]
[Black "Estonia"]
[WhiteElo "2190"]
[BlackElo "2070"]
[Result "1-0"]
[Round "1"]
1.e4 e5
2.d3 Bf8c5
3.Ng1f3 d6
4.Bc1g5 f6
5.Bg5e3 Bc5xe3
6.fxe3 Bc8g4
7.Bf1e2 Ng8h6
8.Nb1c3 c5
9.h3 Bg4e6
10.Nc3d5 Be6xd5
11.exd5 Nh6f5
12.Qd1d2 Nf5g3
13.Rh1f1 Ng3xf1
14.Be2xf1 O-O
15.O-O-O Nb8a6
16.a3 b5
17.e4 Qd8b6
18.g4 Ra8c8
19.h4 c4
20.dxc4 bxc4
21.c3 Na6c5
22.Bf1xc4 Nc5b3
23.Bc4xb3 Qb6xb3
24.h5 h6
25.Nf3e1 Rc8c4
26.Qd2e2 Rf8c8
27.Rd1d3 a5
28.Ne1f3 Qb3a2
29.Nf3d2 Rc8b8
30.Nd2xc4 Qa2xc4
31.Rd3d2 a4
32.Qe2xc4 { resign }
1-0

[Event "Tourn. n9066"]
[Site "www.chess-mail.com"]
[Date "2016.12.15"]
[Round "1"]
[White "Ejner"]
[Black "Greghghs"]
[WhiteElo "2450"]
[BlackElo "2300"]
[Result "0-1"]
[Round "1"]
1.d4 Ng8f6
2.Ng1f3 g6
3.c4 Bf8g7
4.Nb1c3 O-O
5.e4 d6
6.Bf1e2 e5
7.d5 a5
8.Bc1g5 h6
9.Bg5h4 Nb8a6
10.Nf3d2 Qd8e8
11.O-O Bc8d7
12.b3 Nf6h7
13.Kh1 f5
14.exf5 Bd7xf5
15.Nd2e4 Bf5xe4
{ resign }
0-1

[Event "Tourn. n9071"]
[Site "www.chess-mail.com"]
[Date "2016.12.15"]
[Round "1"]
[White "Roque1"]
[Black "Wegaman"]
[WhiteElo "1800"]
[BlackElo "1870"]
[Result "1-0"]
[Round "1"]
1.e4 e6
2.d4 d5
3.e5 c5
4.Ng1f3 Nb8c6
5.Bf1b5 Bc8d7
6.Nb1c3 cxd4
7.Nf3xd4 Nc6xe5
8.Bc1f4 Ne5g6
9.Bf4g3 Ng8f6
10.O-O Bf8e7
11.Bb5xd7 Nf6xd7
12.Qd1h5 O-O
13.Nc3e2 Nd7f6
14.Qh5h3 Nf6e4
15.f4 Ne4xg3
16.Ne2xg3 Qd8b6
17.Ng3e2 Be7f6
18.c3 Ra8b8
19.f5 exf5
20.Rf1xf5 Bf6xd4
21.Ne2xd4 Qb6xb2
22.Ra1f1 Qb2xa2
23.Rf5h5 h6
24.Nd4f5 f6
25.Rh5xh6 gxh6
26.Qh3xh6 Kf7
27.Rf1e1 { resign }
1-0

[Event "Match"]
[Site "www.echecsemail.com"]
[Date "2016.12.15"]
[Round "1"]
[White "Raulazo"]
[Black "Ditto"]
[WhiteElo "1910"]
[BlackElo "1830"]
[Result "0-1"]
[Round "1"]
1.Ng1f3 d5
2.d4 Nb8c6
3.Nb1c3 Ng8f6
4.Bc1f4 e6
5.a3 Bf8d6
6.Bf4g5 O-O
7.Qd1d2 a6
8.O-O-O b5
9.g3 Bc8b7
10.Qd2d3 Nc6b8
11.h4 Nb8d7
12.Bg5xf6 Nd7xf6
13.g4 Nf6xg4
14.Qd3d2 Ng4xf2
15.Bf1g2 Nf2xd1
16.Kxd1 Qd8f6
17.Qd2d3 Qf6f4
18.Nf3g5 Qf4f5
19.Bg2h3 Qf5xd3
20.cxd3 Bd6f4
21.Ng5f3 Bb7c6
22.Rh1e1 a5
23.e3 Bf4g3
24.Re1g1 Bg3f2
25.Rg1g2 Bf2xe3
26.Ke2 Be3c1
27.Kd1 Bc1e3
28.Nf3e5 Bc6e8
29.Nc3e2 f6
30.Bh3xe6 Kh8
31.Ne5g4 Be3h6
32.Be6xd5 Ra8c8
33.Bd5e6 Rc8b8
34.Ne2c3 Be8h5
35.Nc3e2 Rf8e8
36.d5 Bh5xg4
37.Rg2xg4 Re8f8
38.Ne2d4 Bh6e3
39.Nd4c6 Rb8a8
40.h5 Be3g5
41.Nc6e7 b4
42.Ne7f5 bxa3
43.bxa3 Ra8b8
44.Kc2 Rb8b5
45.Kc3 Rb5c5
46.Kd4 Rc5b5
47.Kc4 Rb5b1
48.d6 cxd6
49.Nf5xd6 Rb1c1
50.Kd5 Rc1c3
51.a4 Rc3xd3
52.Rg4d4 Rd3xd4
53.Kc6 Rd4xa4
54.Kb5 Ra4a1
55.Nd6c4 Rf8b8
56.Kc5 a4
57.Nc4a5 Bg5e3
58.Kd6 Ra1d1
59.Kc6 a3
60.Na5c4 Rd1c1
61.Kd5 a2
{ resign }
0-1

[Event "Match"]
[Site "www.echecsemail.com"]
[Date "2016.12.15"]
[Round "1"]
[White "Llord"]
[Black "Jobeye"]
[WhiteElo "1860"]
[BlackElo "1809"]
[Result "1-0"]
[Round "1"]
1.e4 e5
2.Ng1f3 Nb8c6
3.Bf1c4 Ng8f6
4.Nb1c3 Bf8c5
5.O-O d6
6.d3 Nc6d4
7.Nf3xd4 Bc5xd4
8.Nc3d5 Nf6xd5
9.Bc4xd5 c6
10.Bd5b3 Bc8d7
11.Qd1f3 Qd8e7
12.c3 Bd4b6
13.Qf3g3 g6
14.Bc1g5 f6
15.Bg5h6 O-O-O
16.a4 a5
17.Bb3c2 d5
18.exd5 cxd5
19.d4 Bb6c7
20.dxe5 Bc7xe5
21.Bh6f4 Be5xf4
22.Qg3xf4 Qe7e2
23.c4 dxc4
24.Ra1c1 Rh8e8
25.h3 Qe2h5
26.Bc2d1 Qh5d5
27.Bd1f3 Qd5f7
28.Rc1xc4 Bd7c6
29.Bf3xc6 bxc6
30.Rc4xc6 Kb7
31.Rc6xf6 Qf7b3
32.Rf6f7 Ka8
33.Qf4c7 Qb3b8
34.Qc7xa5 { resign }
1-0

[Event "Match"]
[Site "www.echecsemail.com"]
[Date "2016.12.15"]
[Round "1"]
[White "Azorau"]
[Black "Irene"]
[WhiteElo "1830"]
[BlackElo "2040"]
[Result "0-1"]
[Round "1"]
1.Ng1f3 d5
2.e3 Ng8f6
3.Nb1c3 e6
4.a3 c5
5.Bf1b5 Nb8c6
6.Bb5xc6 bxc6
7.Nf3e5 Qd8b6
8.Nc3a4 Qb6b5
9.Na4c3 Qb5b6
10.Qd1f3 Bc8a6
11.Nc3a4 Qb6c7
12.d4 Qc7a5
13.Na4c3 Bf8d6
14.Ne5xc6 Qa5c7
15.Nc6e5 Bd6xe5
16.dxe5 Qc7xe5
17.h3 O-O
18.Bc1d2 d4
19.Qf3f4 Qe5xf4
20.exf4 dxc3
21.Bd2xc3 Nf6e4
22.f3 Ne4g3
23.Rh1g1 Rf8d8
24.Kf2 Ng3f5
25.g4 Nf5e7
26.Bc3a5 Rd8d4
27.Kg3 Ne7d5
28.c3 Rd4xf4
29.b3 g5
30.c4 Nd5e7
31.Ba5d2 Rf4d4
32.Bd2e3 Ne7g6
33.Be3xd4 cxd4
34.Ra1d1 e5
35.Rg1e1 f6
36.a4 Ra8b8
37.Rd1b1 Ng6f4
38.Kh2 Nf4d3
39.Re1d1 Nd3c5
40.b4 Nc5xa4
41.Rb1a1 Rb8xb4
42.c5 Ba6e2
43.Rd1c1 a6
44.Kg3 Be2b5
45.c6 Na4c3
46.c7 Rb4c4
47.h4 Nc3e2
48.Kf2 Ne2xc1
49.c8Q Rc4xc8
50.Ke1 d3
51.Kd1 Nc1b3
52.Ra1a2 Rc8c1

0-1

[Event "Match"]
[Site "www.echecsemail.com"]
[Date "2016.12.15"]
[Round "1"]
[White "Ranjachess"]
[Black "Rindrandria"]
[WhiteElo "1690"]
[BlackElo "1740"]
[Result "1-0"]
[Round "1"]
1.d4 Nb8c6
2.e4 d5
3.Nb1c3 e6
4.Bf1b5 Bc8d7
5.exd5 Nc6b4
6.Bb5xd7 Qd8xd7
7.dxe6 fxe6
8.Ng1e2 O-O-O
9.O-O Nb4d5
10.Nc3xd5 exd5
11.b3 Rd8e8
12.c4 Ng8f6
13.cxd5 Nf6xd5
14.Ne2f4 Nd5c3
15.Qd1d3 g5
16.Qd3xc3 gxf4
17.Bc1xf4 c6
18.Ra1d1 Qd7f5
19.Bf4e5 Rh8g8
20.Rf1e1 a5
21.Qc3xa5 Qf5f7
22.Qa5a8 Kd7
23.Qa8xb7 Ke6
24.d5 cxd5
25.Qb7xd5 Kf5
26.Qd5xf7 Kg4
27.Qf7xg8 Kf5
28.g4 
1-0

[Event "Match"]
[Site "www.echecsemail.com"]
[Date "2016.12.15"]
[Round "1"]
[White "Aperturaf"]
[Black "Jobeye"]
[WhiteElo "2350"]
[BlackElo "2269"]
[Result "1-0"]
[Round "1"]
1.e4 e6
2.d4 d5
3.Bf1d3 Nb8c6
4.Ng1f3 Nc6b4
5.Nb1c3 dxe4
6.Bd3xe4 Ng8f6
7.O-O Nf6xe4
8.Nc3xe4 b6
9.Nf3e5 h6
10.Qd1f3 f6
11.Qf3h5 { resign }
1-0

[Event "Match"]
[Site "www.echecsemail.com"]
[Date "2016.12.15"]
[Round "1"]
[White "Kazooie"]
[Black "Billyg"]
[WhiteElo "1499"]
[BlackElo "1730"]
[Result "1-0"]
[Round "1"]
1.d4 d6
2.e4 a6
3.c4 g6
4.Ng1f3 Bf8g7
5.Bf1e2 Nb8d7
6.O-O Ng8f6
7.Qd1c2 h6
8.Bc1e3 e5
9.Nb1d2 O-O
10.Rf1d1 Rf8e8
11.Ra1c1 b6
12.dxe5 dxe5
13.Qc2c3 Bc8b7
14.Qc3c2 Ra8c8
15.b3 Nf6g4
16.Qc2c3 f5
17.h3 fxe4
18.Nf3h2 Qd8f6
19.Nh2xg4 Qf6e6
20.Be3xh6 Bg7xh6
21.Ng4xh6 Kh8
22.Be2g4 Qe6e7
23.Bg4xd7 Qe7xd7
24.Nd2xe4 Qd7e7
25.Qc3e3 c5
26.Ne4d6 Qe7c7
27.Nh6f7 Kg8
28.Qe3h6 { resign }
1-0

[Event "Fast Game"]
[Site "www.echecsemail.com"]
[Date "2016.12.15"]
[Round "1"]
[White "Cal"]
[Black "Libiesse"]
[WhiteElo "1690"]
[BlackElo "1760"]
[Result "1-0"]
[Round "1"]
1.c4 c5
2.Ng1f3 Nb8c6
3.e4 e6
4.Nb1c3 a6
5.a3 Qd8c7
6.d3 Ng8f6
7.h3 d6
8.Bc1g5 Bf8e7
9.Bg5xf6 Be7xf6
10.Bf1e2 O-O
11.O-O Rf8d8
12.Nf3h2 Nc6d4
13.b4  { time }
1-0

[Event "Tourn. n9000"]
[Site "www.chess-mail.com"]
[Date "2016.12.16"]
[Round "1"]
[White "Aalekhine"]
[Black "Cersav"]
[WhiteElo "1759"]
[BlackElo "1499"]
[Result "1-0"]
[Round "1"]
1.e4 e5
2.Ng1f3 Nb8c6
3.Bf1b5 Ng8f6
4.O-O Bf8b4
5.c3 Bb4c5
6.Bb5xc6 bxc6
7.d4 Bc5b6
8.dxe5 Nf6xe4
9.Bc1e3 O-O
10.Be3xb6 cxb6
11.Rf1e1 Ne4c5
12.b4 Nc5e6
13.c4 Rf8e8
14.Nb1c3 a6
15.Nf3d4 c5
16.Nd4xe6 fxe6
17.bxc5 bxc5
18.Nc3e4 Qd8e7
19.Ne4d6 Re8f8
20.f3 a5
21.a4 Bc8a6
22.Re1e4 Ra8b8
23.Qd1c2 h6
24.Ra1b1 Qe7d8
25.Rb1xb8 Qd8xb8
26.Re4e1 Qb8b4
27.Re1f1 Rf8f4
28.Rf1c1 Rf4d4
29.Qc2g6 Qb4xa4
30.h3 Qa4b3
31.Nd6e8 Kf8
32.Ne8xg7 Qb3b8
33.Qg6xh6 Qb8xe5
34.Ng7f5  { time }
1-0

[Event "Tourn. n9112"]
[Site "www.chess-mail.com"]
[Date "2016.12.16"]
[Round "1"]
[White "Autmich"]
[Black "Mrmoto"]
[WhiteElo "1649"]
[BlackElo "1660"]
[Result "1-0"]
[Round "1"]
1.e4 c5
2.Ng1f3 Nb8c6
3.d4 Ng8f6
4.e5 Nf6d5
5.c4 Nd5b6
6.d5 Nc6b4
7.Nb1c3 d6
8.Bc1f4 Bc8f5
9.Ra1c1 f6
10.exf6 gxf6
11.a3 Nb4a6
12.Bf1d3 Qd8c7
13.Nc3b5 Qc7d7
14.O-O Bf5g4
15.h3 Bg4h5
16.Rf1e1 Na6c7
17.Nb5xc7 Qd7xc7
18.b4 Nb6a4
19.Qd1xa4 Kf7
20.Nf3d2 Kg7
21.Nd2e4 Rh8g8
22.bxc5 Bh5e8
23.Qa4c2 Kh8
24.cxd6 exd6
25.Ne4xf6 Rg8g7
26.Re1xe8 { resign }
1-0

[Event "Tourn. n8966"]
[Site "www.chess-mail.com"]
[Date "2016.12.16"]
[Round "1"]
[White "Liencam2"]
[Black "Ejner"]
[WhiteElo "2350"]
[BlackElo "2440"]
[Result "0-1"]
[Round "1"]
1.e4 e6
2.Qd1e2 c5
3.Ng1f3 Nb8c6
4.c3 d5
5.d3 Ng8f6
6.g3 Bf8e7
7.Bf1g2 O-O
8.e5 Nf6d7
9.O-O b5
10.h4 a5
11.Bc1f4 b4
12.c4 Nd7b6
13.b3 a4
14.Nb1d2 Ra8a7
15.h5 Ra7d7
16.h6 g6
17.Nf3h2 Nc6d4
18.Qe2d1 Bc8b7
19.Nh2g4 Qd8a8
20.cxd5 Nb6xd5
21.Ng4e3 Nd5xe3
22.Bg2xb7 Ne3xd1
23.Bb7xa8 Rf8xa8
24.Rf1xd1 Nd4e2
25.Kg2 Ne2c3
26.Rd1e1 Rd7xd3
27.Nd2c4 a3
28.Re1e3 Ra8d8
29.Nc4d6 Rd3d4
30.Re3f3 Rd4xf4
31.Rf3xf4 Be7xd6
32.exd6 Rd8xd6
33.Rf4c4 Rd6d5
34.Kf3 Kf8
35.g4 Ke7
36.Kg3 Kd6
37.Rc4f4 Nc3e2
38.Kf3 Ne2xf4
39.Kxf4 g5
40.Ke3 Ke5
41.Ra1e1 Rd5d4
42.f3 Kd5
43.Re1e2 f6
44.Kf2 Rd4d3
45.Kg3 e5
46.Re2c2 e4
47.Rc2f2 Rd3xf3
{ resign }
0-1

[Event "Tourn. n9000"]
[Site "www.chess-mail.com"]
[Date "2016.12.16"]
[Round "1"]
[White "Bjonil60"]
[Black "Aalekhine"]
[WhiteElo "1400"]
[BlackElo "1889"]
[Result "0-1"]
[Round "1"]
1.Ng1f3 e6
2.d3 Ng8f6
3.e3 d5
4.d4 Bf8e7
5.Qd1e2 O-O
6.Nb1c3 c6
7.h3 Nb8d7
8.g3 a6
9.a3 c5
10.dxc5 Be7xc5
11.b4 Bc5d6
12.g4 Nd7e5
13.Nf3xe5 Bd6xe5
14.Bc1b2 b5
15.f4 Be5xc3
16.Bb2xc3 Bc8b7
17.Bf1g2 Ra8c8
18.g5 Nf6e4
19.Bg2xe4 dxe4
20.h4 Rc8xc3
21.O-O Qd8c7
22.Ra1c1 e5
23.fxe5 Qc7xe5
24.Qe2f2 Rc3xa3
25.Rf1d1 f5
26.gxf6 Qe5xf6
27.Qf2e2 Qf6xh4
28.Rd1f1 Qh4g3
29.Kh1 Rf8xf1
30.Rc1xf1 Ra3xe3
31.Qe2d2 Qg3h4
32.Kg1 Re3g3
33.Kf2 e3
34.Qd2xe3 Rg3g2

0-1